000 00240nam a2200109Ia 4500
008 200302s9999 xx 000 0 und d
100 _aRamesh Shah
245 _aCity Planning
260 _bAne Books Pvt. Ltd
260 _c2017
300 _a280
999 _c6034
_d6034